000 00257nam a2200109Ia 4500
008 200302s9999 xx 000 0 und d
100 _aMinas Kosmidis
245 _aCoffee Shop
260 _bDesign Media Publishing (UK) Ltd.,
260 _c2014
300 _a223
999 _c6178
_d6178